| 000 | 01167nam1a22002291i 4500 | ||
|---|---|---|---|
| 001 | rc\4499870 | ||
| 005 | 20240921124944.0 | ||
| 035 | _a(NLR Aleph) 008342458 | ||
| 090 |
_a8885986 _c8885986 |
||
| 100 | _a20130416d1964 |||y0rusy50 ca | ||
| 101 | 0 | _arus | |
| 102 | _aRU | ||
| 105 | _ay c ||||| | ||
| 200 | 1 |
_a[Указатель технических условий на смолы и пластмассы _fСост. И.Б. Кузнецова] _gГос. ком. хим. пром-сти при Госплане СССР. Науч.-исслед. ин-т пластмасс |
|
| 210 |
_aМосква _cБ. и. _d1964 |
||
| 215 | _d21 | ||
| 225 | 1 |
_aПроизводство и переработка пластмасс, синтетических смол и стеклянных волокон _eИнформ. бюллетень _fЛаборатория науч.-техн. информации |
|
| 700 | 1 |
_4220 _7ca _8rus _aКузнецова _bИ. Б. _cинженер-технолог, пластмассы _gИрина Борисовна _9142493 _3RU\NLR\AUTH\770142529 |
|
| 801 | 0 |
_aRU _bNLR _gpsbo |
|
| 801 | 1 |
_aRU _bELAR _2rusmarc |
|
| 852 |
_aNLR _jП10/2774 |
||
| 942 | _cBOOK | ||